Geography Quiz

Random Geography or City Quiz

8-bit Google Maps Landmarks Quiz Stats

 Plays Quiz Updated Jun 13, 2019

Score 0/25 Timer 08:00
4 Plays Today
% Correct
Hollywood Sign, Los Angeles, USA
98.6%
The Colosseum, Rome, Italy
95.7%
Statue of Liberty, New York, USA
95.6%
Taj Mahal, Agra, India
92.4%
Sydney Opera House, Sydney, Australia
91.1%
Giza Necropolis, Egypt
90.5%
Loch Ness, Loch Ness, UK
87%
Moai, Easter Island, Chile
86.8%
Mount Rushmore, Keystone, USA
84.7%
Arc de Triomphe, Paris, France
84.1%
Christ the Redeemer, Rio de Janeiro, Brazil
78.5%
Saint Basil's Cathedral, Moscow, Russia
76.8%
Great Wall of China, China
76.6%
% Correct
The Parthenon, Athens, Greece
74.5%
Gateway Arch, St. Louis, USA
73.8%
CN Tower, Toronto, Canada
68.1%
Area 51, Nevada, USA
65.1%
Alcatraz Island, San Francisco, USA
62.8%
Burj Al Arab, Dubai, UAE
62.2%
Buckingham Palace, Westminster, UK
56.8%
Sagrada Familia, Barcelona, Spain
56.1%
Petronas Towers, Kuala Lumpur, Malaysia
53.4%
Chichen Itza, Yucatán, Mexico
38.5%
Neuschwanstein Castle, Schwangau, Germany
28.4%
Obelisk & Cabildo, Buenos Aires, Argentina
13.2%

You're not logged in!

Compare scores with friends on all Sporcle quizzes.
OR
Log In

Sporcle TV

Today on Sporcle TV


Watch our educational content, quiz creation guides, and fun videos on Sporcle TV.

Show Comments

Extras

Top Quizzes Today


Score Distribution

Your Account Isn't Verified!

In order to create a playlist on Sporcle, you need to verify the email address you used during registration. Go to your Sporcle Settings to finish the process.

Report this User

Report this user for behavior that violates our Community Guidelines.

Details: